000 02457nam0a2200385 4500
001 RU\NLR\BIBL_A\012003012
005 20191003110554.0
010 _a978-5-91409-434-5
_9100
021 _aRU
_bКН-П-19-024506
_9КН-П-19-1854
035 _a(NLR Aleph) 012003012
035 _a(RuMoRGB)009938320
090 _a11414122
_c11414122
100 _a20190429d2018 k y0rusy50 ca
101 0 _arus
102 _aRU
105 _aa z 000zy
200 1 _aДобровольчество: актуальные вопросы, приоритеты развития
_eматериалы открытой городской конференции, [прошедшей в рамках форума тюменской молодежи "Мост", приведенного на обложке]
_fДепартамент по спорту и молодежной политике администрации города Тюмени
210 _aТюмень
_cВектор Бук
_d2018
215 _a174 с.
_cил., табл.
_d20
300 _aНа обл.: Материалы открытой городской конференции "Добровольчество: актуальные вопросы, приоритеты развития"
320 _aБиблиогр. в конце ст.
512 1 _aМост. Форум тюменской молодежи
606 1 _aВолонтерская деятельность
_jСъезды, совещания и т.п
_92418276
_3RU\NLR\AUTH\661440346
610 0 _aволонтерство
610 0 _aдобровольчество
686 1 _aС550.473я431
711 1 2 _a"Добровольчество: актуальные вопросы, приоритеты развития", открытая городская конференция
_eТюмень
_f2018
_9661441
_3RU\NLR\AUTH\880500810
711 1 2 _a"Мост", форум тюменской молодежи
_f2018
_9661445
_3RU\NLR\AUTH\880500812
712 0 1 _4570
_aТюмень
_bАдминистрация
_bДепартамент по спорту и молодежной политике
_9641851
_3RU\NLR\AUTH\880490757
942 _cBOOK
980 _aNBR
980 _aNB